Pharmacology for Physiotherapy / (Record no. 35661)

MARC details
000 -LEADER
fixed length control field 00530nam a22001937a 4500
005 - DATE AND TIME OF LATEST TRANSACTION
control field 20240503091509.0
008 - FIXED-LENGTH DATA ELEMENTS--GENERAL INFORMATION
fixed length control field 240503b |||||||| |||| 00| 0 eng d
020 ## - INTERNATIONAL STANDARD BOOK NUMBER
ISBN 9789380704678
082 ## - DEWEY DECIMAL CLASSIFICATION NUMBER
Classification number 615.7
Item number UDA-P
100 ## - MAIN ENTRY--AUTHOR
Author Name Udaykumar Padmaja
245 ## - TITLE STATEMENT
Title Pharmacology for Physiotherapy /
Statement of responsibility, etc. Udaykumar Padmaja
250 ## - EDITION STATEMENT
Edition statement 2nd ed.
260 ## - PUBLICATION, DISTRIBUTION, ETC.
Place of Publication india :
Name of publisher, distributor, etc. Jaypee brothers:
Date of publication, distribution, etc. 2011.
300 ## - PHYSICAL DESCRIPTION
Pages 261p.
500 ## - GENERAL NOTE
General note include index .
650 ## - SUBJECT ADDED ENTRY--TOPICAL TERM
Subject / Department Medical / Pharmacology
700 ## - ADDED ENTRY--PERSONAL NAME
Personal name Udaykumar Padmaja
300 ## - PHYSICAL DESCRIPTION
-- ill;
-- 24cm.
952 ## - LOCATION AND ITEM INFORMATION (KOHA)
-- 0
-- 0
Holdings
Lost status Damaged status Collection code Permanent Location Current Location Shelving Location Date acquired Full Call Number Accession No./Barcode Date last seen item type Koha item type
    Medical Superior Information Resource Center (SIRC) Superior University- Main Campus Superior Information Resource Center (SIRC) Superior University- Main Campus Pharmacology 05/03/2024 615.7 UDA-P 2011 8959 12/17/2024 BOOK BOOK

Powered by Koha